Wetlands ecosystems in Asia. (Record no. 7412)

MARC details
000 -LEADER
fixed length control field 01106cam a22003377a 4500
001 - CONTROL NUMBER
control field 14298637
003 - CONTROL NUMBER IDENTIFIER
control field OSt
005 - DATE AND TIME OF LATEST TRANSACTION
control field 20211029122958.0
008 - FIXED-LENGTH DATA ELEMENTS--GENERAL INFORMATION
fixed length control field 060314s2004 ne ab b 001 0 eng d
010 ## - LIBRARY OF CONGRESS CONTROL NUMBER
LC control number 2006273069
020 ## - INTERNATIONAL STANDARD BOOK NUMBER
International Standard Book Number 0444516913 (alk. paper)
035 ## - SYSTEM CONTROL NUMBER
System control number (CStRLIN)CSUGA5735952-B
035 ## - SYSTEM CONTROL NUMBER
System control number (CSt)(Sirsi)a5735952
040 ## - CATALOGING SOURCE
Original cataloging agency UKM
Transcribing agency DDC
Modifying agency OHX
-- ERE
-- CtY
-- DLC
042 ## - AUTHENTICATION CODE
Authentication code lccopycat
043 ## - GEOGRAPHIC AREA CODE
Geographic area code a------
050 00 - LIBRARY OF CONGRESS CALL NUMBER
Classification number QH179
Item number .W48 2004
082 04 - DEWEY DECIMAL CLASSIFICATION NUMBER
Classification number 551.41WET 2004
100 ## - MAIN ENTRY--PERSONAL NAME
Personal name Wong M. H.;
9 (RLIN) 15175
245 00 - TITLE STATEMENT
Title Wetlands ecosystems in Asia.
Remainder of title Function and Management.
Statement of responsibility, etc. Edited by Wong M. H.;
250 ## - EDITION STATEMENT
Edition statement 1st ed.
260 ## - PUBLICATION, DISTRIBUTION, ETC. (IMPRINT)
Place of publication, distribution, etc. Boston.
Name of publisher, distributor, etc. Elsevier,
Date of publication, distribution, etc. 2004.
300 ## - PHYSICAL DESCRIPTION
Extent xxiv,451p;
Other physical details ill., maps ;
Dimensions 25cm.
440 #0 - SERIES STATEMENT/ADDED ENTRY--TITLE
Title Developments in ecosystems,
International Standard Serial Number 1572-7785 ;
Volume/sequential designation 1
9 (RLIN) 15176
504 ## - BIBLIOGRAPHY, ETC. NOTE
Bibliography, etc Includes; bibliographical references and index.
650 #0 - SUBJECT ADDED ENTRY--TOPICAL TERM
Topical term or geographic name as entry element Wetland ecology
9 (RLIN) 15177
700 1# - ADDED ENTRY--PERSONAL NAME
Personal name Wong, M. H.
9 (RLIN) 15178
906 ## - LOCAL DATA ELEMENT F, LDF (RLIN)
a 7
b cbc
c copycat
d 2
e ncip
f 20
g y-gencatlg
942 ## - ADDED ENTRY ELEMENTS (KOHA)
Source of classification or shelving scheme Dewey Decimal Classification
Koha item type Open Shelf
Holdings
Withdrawn status Lost status Source of classification or shelving scheme Damaged status Not for loan Home library Current library Date acquired Source of acquisition Inventory number Total Checkouts Full call number Barcode Date last seen Price effective from Koha item type
    Dewey Decimal Classification     MUST Main Library MUST Main Library 29/10/2021 Purchase 05/24945   551.41WET 2004 2021-1568 29/10/2021 29/10/2021 Open Shelf